Colloquial Indonesian : a complete language course /

Gardado en:
Detalles Bibliográficos
Autor Principal: Atmosumarto, Sutanto, 1936-
Formato: Libro
Idioma:English
Publicado: London : Routledge, 1998.
Những chủ đề:
Các nhãn: Engadir etiqueta
Sen Etiquetas, Sexa o primeiro en etiquetar este rexistro!
Thư viện lưu trữ: Mạng thư viện Đại học Đà Nẵng
LEADER 00945cam a2200325 i 4500
001 000048154
003 7859
005 20030324151832.0
008 010321|1998 vm 000 eng
020 |a 0415092019 
040 |a IRC  |c IRC  |d IRC 
041 0 |a eng 
082 1 4 |a 499.22  |b AT-S 
100 1 |a Atmosumarto, Sutanto,  |d 1936- 
245 0 0 |a Colloquial Indonesian :  |b a complete language course /  |c Sutanto Atmosumarto. 
260 |a London :  |b Routledge,  |c 1998. 
300 |a vi, 328 p. ; +  |e 2 sound cassettes. 
630 0 4 |a Indonesian language. 
650 0 4 |a Indonesian language  |x Sound recordings for English speakers. 
650 0 4 |a Indonesian language  |v Conversation and phrase books  |x English. 
OWN |a DUT 
999 |a From the UDN01 
TYP |a Monograph 
TYP |a Printed language 
980 |a Mạng thư viện Đại học Đà Nẵng